[Event "POL-chT 2nd League"]
[Site "Sypniewo"]
[Date "2021.09.06"]
[Round "3.4"]
[White "Stankiewicz, Pawel"]
[Black "Warszawski, Bartosz"]
[Result "1/2-1/2"]
[WhiteElo "2104"]
[BlackElo "2169"]
[PlyCount "48"]
[EventDate "2021.09.04"]
[EventType "team-swiss"]
[EventRounds "9"]
[EventCountry "POL"]
[SourceTitle "CBM 204 Extra"]
[Source "ChessBase"]
[SourceDate "2021.11.30"]
[SourceVersion "1"]
[SourceVersionDate "2021.11.30"]
[SourceQuality "1"]
[WhiteTeam "Zarow Goniec"]
[BlackTeam "Warszawa YMCA"]
[WhiteTeamCountry "POL"]
[BlackTeamCountry "POL"]

1. e4 c5 2. Nf3 e6 3. d4 cxd4 4. Nxd4 Nc6 5. Nc3 Qc7 6. g3 a6 7. Bg2 Nf6 8. 0-0 d6 9. Re1 Be7 10. Nxc6 bxc6 11. e5 dxe5 12. Rxe5 0-0 13. Qe2 Bd6 14. Re3 Nd5 15. Nxd5 exd5 16. c4 Bc5 17. Re8 Be6 18. Bf4 Qb6 19. Rxa8 Rxa8 20. cxd5 Bxd5 21. Rd1 Bxg2 22. Kxg2 Bd4 23. Qd2 c5 24. b4 h6 1/2-1/2

[Event "Krakow op-A 28th"]
[Site "Krakow"]
[Date "2017.12.30"]
[Round "4"]
[White "Kornitzky, Tino"]
[Black "Stankiewicz, Pawel"]
[Result "0-1"]
[WhiteElo "1924"]
[BlackElo "2132"]
[PlyCount "42"]
[EventDate "2017.12.27"]
[EventType "swiss"]
[EventRounds "9"]
[EventCountry "POL"]
[SourceTitle "CBM 182 Extra"]
[Source "ChessBase"]
[SourceDate "2018.02.23"]
[SourceVersion "1"]
[SourceVersionDate "2018.02.23"]
[SourceQuality "1"]

1. d4 Nf6 2. c4 g6 3. Nc3 Bg7 4. e4 d6 5. Nf3 0-0 6. Be2 e5 7. d5 Nh5 8. g3 a5 9. Ng5 Nf6 10. f4 exf4 11. gxf4 Qe7 12. Qc2 Re8 13. Bd3 Na6 14. 0-0 h6 15. Nf3 Nb4 16. Qe2 Nxd3 17. Qxd3 Nxe4 18. Re1 Bf5 19. Qe3 Qd7 20. Nxe4 Bxe4 21. Kf2 Bxd5 0-1

[Event "Krakow op-A 28th"]
[Site "Krakow"]
[Date "2017.12.30"]
[Round "5"]
[White "Stankiewicz, Pawel"]
[Black "Vojtek, Vladimir"]
[Result "1/2-1/2"]
[WhiteElo "2132"]
[BlackElo "2293"]
[PlyCount "47"]
[EventDate "2017.12.27"]
[EventType "swiss"]
[EventRounds "9"]
[EventCountry "POL"]
[SourceTitle "CBM 182 Extra"]
[Source "ChessBase"]
[SourceDate "2018.02.23"]
[SourceVersion "1"]
[SourceVersionDate "2018.02.23"]
[SourceQuality "1"]

1. d4 f5 2. g3 Nf6 3. Bg2 e6 4. Nf3 d5 5. 0-0 Bd6 6. c4 c6 7. Qc2 0-0 8. Bf4 Bxf4 9. gxf4 Qe7 10. Nbd2 Nbd7 11. e3 Ne4 12. Rab1 a5 13. a3 a4 14. c5 b6 15. cxb6 Ba6 16. Rfc1 Nxd2 17. Qxd2 Bb5 18. Bf1 Nxb6 19. Ne5 Rfc8 20. Rc5 Nd7 21. Nxd7 Qxd7 22. Bxb5 cxb5 23. Rbc1 Rxc5 24. Rxc5 1/2-1/2

[Event "Krakow op-A 27th"]
[Site "Krakow"]
[Date "2016.12.29"]
[Round "3"]
[White "Antolak, Julia"]
[Black "Stankiewicz, Pawel"]
[Result "1/2-1/2"]
[WhiteElo "2086"]
[BlackElo "2165"]
[PlyCount "63"]
[EventDate "2016.12.27"]
[EventType "swiss"]
[EventRounds "9"]
[EventCountry "POL"]
[SourceTitle "CBM 176 Extra"]
[Source "ChessBase"]
[SourceDate "2017.03.02"]
[SourceVersion "1"]
[SourceVersionDate "2017.03.02"]
[SourceQuality "1"]

1. e4 e6 2. d4 d5 3. Nd2 Nf6 4. e5 Nfd7 5. Bd3 c5 6. c3 Nc6 7. Ne2 cxd4 8. cxd4 f6 9. exf6 Nxf6 10. 0-0 Bd6 11. Nf3 Qc7 12. Bg5 0-0 13. Bh4 Nh5 14. Qc2 h6 15. Bh7+ Kh8 16. Bg6 Rxf3 17. Bxh5 Rf5 18. Bg6 Rf8 19. Bg3 Bxg3 20. hxg3 Rf6 21. Rad1 Bd7 22. Nf4 Be8 23. Rfe1 Bxg6 24. Nxg6+ Kg8 25. Ne5 Rc8 26. Nxc6 Qxc6 27. Qxc6 Rxc6 28. Rc1 Rxc1 29. Rxc1 g6 30. Kf1 Rf7 31. Ke2 Kg7 32. Ke3 1/2-1/2

[Event "POL-chT3 Dolnoslaskie 1516"]
[Site "Poland"]
[Date "2016.03.06"]
[Round "8.3"]
[White "Stankiewicz, Pawel"]
[Black "Dzikowski, Michal"]
[Result "1-0"]
[WhiteElo "2113"]
[BlackElo "2002"]
[PlyCount "73"]
[EventDate "2015.10.18"]
[EventType "team-tourn"]
[EventRounds "11"]
[EventCountry "POL"]
[SourceTitle "EXT 2018"]
[Source "ChessBase"]
[SourceDate "2017.10.13"]
[SourceVersion "1"]
[SourceVersionDate "2017.10.13"]
[SourceQuality "1"]

1. g3 Nf6 2. Bg2 e6 3. d3 d5 4. Nf3 Be7 5. 0-0 0-0 6. Nbd2 c5 7. e4 Nc6 8. e5 Nd7 9. Re1 Qc7 10. Qe2 b5 11. Nf1 Bb7 12. h4 Nd4 13. Nxd4 cxd4 14. Bf4 Rfc8 15. Rac1 b4 16. h5 a5 17. g4 Qd8 18. Bg3 a4 19. g5 Bxg5 20. f4 Be7 21. Qg4 Qb6 22. Bf2 b3 23. axb3 axb3 24. cxb3 Qxb3 25. Rxc8+ Rxc8 26. f5 exf5 27. Qxf5 Nf8 28. Bxd4 Ne6 29. Bf2 Qxb2 30. Ne3 Qb5 31. Ng4 Bc5 32. Rf1 Qb6 33. Qxf7+ Kh8 34. h6 Rf8 35. hxg7+ Nxg7 36. Qxf8+ Bxf8 37. Bxb6 1-0

[Event "EU-ch University 1st"]
[Site "Yerevan"]
[Date "2015.10.07"]
[Round "1"]
[White "Stankiewicz, Pawel"]
[Black "Dragun, Kamil"]
[Result "0-1"]
[WhiteElo "2113"]
[BlackElo "2568"]
[PlyCount "96"]
[EventDate "2015.10.07"]
[EventType "swiss"]
[EventRounds "9"]
[EventCountry "ARM"]
[SourceTitle "CBM 168 Extra"]
[Source "ChessBase"]
[SourceDate "2015.10.29"]
[SourceVersion "1"]
[SourceVersionDate "2015.10.29"]
[SourceQuality "1"]

1. Nf3 Nf6 2. g3 b6 3. Bg2 Bb7 4. 0-0 e6 5. d3 d5 6. c4 Be7 7. b3 0-0 8. Bb2 c5 9. Nbd2 d4 10. b4 Nbd7 11. bxc5 bxc5 12. e3 e5 13. e4 Ne8 14. Bh3 Bd6 15. Nh4 g6 16. Nb3 Ng7 17. Bc1 Be7 18. Bxd7 Qxd7 19. Ng2 f5 20. f3 Rf7 21. Na5 Ba6 22. Bd2 Raf8 23. Qe2 h5 24. f4 Bd6 25. fxe5 Bxe5 26. Nf4 Bxf4 27. Rxf4 Re8 28. Qg2 g5 29. Rff1 fxe4 30. dxe4 g4 31. Rxf7 Qxf7 32. Rf1 Qe6 33. e5 Bxc4 34. Nxc4 Qxc4 35. Bh6 Qe6 36. Bxg7 Kxg7 37. Qb7+ Re7 38. Qb8 Qxe5 39. Qf8+ Kh7 40. Rf7+ Rxf7 41. Qxf7+ Kh6 42. Qf8+ Kg6 43. Qg8+ Kf5 44. Qh7+ Ke6 45. Qg8+ Ke7 46. Qh7+ Kd6 47. Qb7 Qe3+ 48. Kg2 Qf3+ 0-1

[Event "POL-chT3 Dolnoslaskie 1415"]
[Site "Poland"]
[Date "2015.02.22"]
[Round "7.23"]
[White "Stankiewicz, Pawel"]
[Black "Musiala, Jakub"]
[Result "1-0"]
[WhiteElo "2118"]
[BlackElo "1545"]
[PlyCount "81"]
[EventDate "2014.10.26"]
[EventType "team-tourn"]
[EventRounds "11"]
[EventCountry "POL"]
[SourceTitle "EXT 2018"]
[Source "ChessBase"]
[SourceDate "2017.10.13"]
[SourceVersion "1"]
[SourceVersionDate "2017.10.13"]
[SourceQuality "1"]
[WhiteTeam "Kopernik WKS"]
[BlackTeam "Wroclaw MUKS MDK Fabryczna"]
[WhiteTeamCountry "POL"]
[BlackTeamCountry "POL"]

1. f4 d5 2. Nf3 Nf6 3. b3 Nc6 4. Bb2 e6 5. e3 Bd6 6. Bb5 Bd7 7. 0-0 0-0 8. a3 a6 9. Bd3 Qe7 10. Ne5 h6 11. Qf3 Rad8 12. Qg3 Kh8 13. Qh3 Kg8 14. Rf3 Bxe5 15. fxe5 Ne4 16. Bxe4 dxe4 17. Rg3 Kh8 18. Qg4 Rg8 19. Qxe4 Rdf8 20. a4 Qc5 21. Ba3 Qxe5 22. Qxe5 Nxe5 23. Bxf8 Rxf8 24. d4 Ng6 25. Nd2 Ne7 26. e4 Bc6 27. c4 f5 28. d5 exd5 29. exd5 Bd7 30. Re1 Rf7 31. Nf3 Bc8 32. Ne5 Rf8 33. Rge3 g5 34. Nf7+ Rxf7 35. Rxe7 Rf8 36. Rxc7 Kg8 37. d6 Rd8 38. Rxc8 Rxc8 39. d7 Rd8 40. Re8+ Rxe8 41. dxe8Q+ 1-0

[Event "POL-chT3 Dolnoslaskie 1415"]
[Site "Poland"]
[Date "2015.01.11"]
[Round "5.18"]
[White "Stankiewicz, Pawel"]
[Black "Krosny, Miroslaw"]
[Result "1-0"]
[WhiteElo "2118"]
[BlackElo "2025"]
[PlyCount "109"]
[EventDate "2014.10.26"]
[EventType "team-tourn"]
[EventRounds "11"]
[EventCountry "POL"]
[SourceTitle "EXT 2018"]
[Source "ChessBase"]
[SourceDate "2017.10.13"]
[SourceVersion "1"]
[SourceVersionDate "2017.10.13"]
[SourceQuality "1"]
[WhiteTeam "Kopernik WKS"]
[BlackTeam "Olesnica Pogon"]
[WhiteTeamCountry "POL"]
[BlackTeamCountry "POL"]

1. Nf3 Nf6 2. g3 g6 3. Bg2 Bg7 4. 0-0 0-0 5. d3 c5 6. e4 d6 7. Nbd2 Nc6 8. Re1 Bg4 9. h3 Bd7 10. Nc4 b5 11. Ne3 Nd4 12. Nh4 Rc8 13. c3 Nc6 14. f4 e5 15. f5 Bh6 16. Kh2 Ne7 17. Rf1 Bc6 18. Nd5 Bg7 19. Nxf6+ Bxf6 20. Bh6 Re8 21. fxg6 Nxg6 22. Nxg6 hxg6 23. Qf3 Kh7 24. Qxf6 Kxh6 25. Qxf7 Rc7 26. Qf3 Kg7 27. h4 Rf8 28. Qxf8+ Qxf8 29. Rxf8 Kxf8 30. Rf1+ Rf7 31. g4 Rxf1 32. Bxf1 Ke7 33. Kg3 a5 34. g5 Be8 35. Be2 b4 36. h5 gxh5 37. Kh4 Bf7 38. c4 Be8 39. Bxh5 Ba4 40. b3 Bd7 41. Bg6 a4 42. Kh5 axb3 43. axb3 Ba4 44. Kh6 Bxb3 45. Be8 Bc2 46. g6 Bxd3 47. Bb5 Kf8 48. g7+ Kg8 49. Be8 b3 50. Bg6 b2 51. Bh7+ Kf7 52. g8Q+ Ke7 53. Bg6 Bxc4 54. Qe8+ Kf6 55. Qf8+ 1-0

[Event "Krakow op-A 25th"]
[Site "Krakow"]
[Date "2015.01.04"]
[Round "9"]
[White "Marzano, Carlo"]
[Black "Stankiewicz, Pawel"]
[Result "0-1"]
[WhiteElo "2166"]
[BlackElo "2128"]
[PlyCount "72"]
[EventDate "2014.12.27"]
[EventType "swiss"]
[EventRounds "9"]
[EventCountry "POL"]
[SourceTitle "CBM 164 Extra"]
[Source "ChessBase"]
[SourceDate "2015.03.02"]
[SourceVersion "1"]
[SourceVersionDate "2015.03.02"]
[SourceQuality "1"]

1. d4 e6 2. Nf3 Nf6 3. Bg5 d5 4. Nbd2 Be7 5. e3 0-0 6. Bd3 Nbd7 7. c3 h6 8. Bh4 c5 9. Ne5 Nxe5 10. dxe5 Nd7 11. Bg3 Bh4 12. Qh5 Bxg3 13. hxg3 f5 14. f4 Qe8 15. Qh3 c4 16. Bc2 Qg6 17. g4 Qxg4 18. Qxg4 fxg4 19. Rh4 Nc5 20. Rxg4 b5 21. Nf3 a5 22. Kd2 b4 23. Rh1 Kh8 24. Rgh4 bxc3+ 25. bxc3 Rb8 26. g4 Bd7 27. g5 Rb2 28. Rg1 Rfb8 29. gxh6 g6 30. Nd4 Ne4+ 31. Ke2 Ba4 32. Kf3 Bxc2 33. Nxc2 Rxc2 34. Rxg6 Rg8 35. Rxg8+ Kxg8 36. h7+ Kh8 0-1

[Event "Krakow op-A 25th"]
[Site "Krakow"]
[Date "2014.12.29"]
[Round "4"]
[White "Halak, Matej"]
[Black "Stankiewicz, Pawel"]
[Result "1-0"]
[WhiteElo "2234"]
[BlackElo "2128"]
[PlyCount "65"]
[EventDate "2014.12.27"]
[EventType "swiss"]
[EventRounds "9"]
[EventCountry "POL"]
[SourceTitle "CBM 164 Extra"]
[Source "ChessBase"]
[SourceDate "2015.03.02"]
[SourceVersion "1"]
[SourceVersionDate "2015.03.02"]
[SourceQuality "1"]

1. e4 e6 2. d4 d5 3. Nc3 Bb4 4. exd5 exd5 5. Qf3 Be6 6. Bd2 Nc6 7. Bb5 Qd7 8. Nge2 Nge7 9. h3 0-0-0 10. a3 Ba5 11. b4 Bb6 12. Na4 Nf5 13. c3 Kb8 14. Nxb6 axb6 15. a4 Nd6 16. Bd3 Ne4 17. Be3 f5 18. a5 bxa5 19. bxa5 g5 20. g3 Rhf8 21. Bxe4 dxe4 22. Qh5 f4 23. gxf4 gxf4 24. Nxf4 Rf5 25. Qh4 Bc4 26. Rg1 Rdf8 27. Qh6 Nxa5 28. d5 b6 29. Rg7 Qb5 30. d6 Rxf4 31. dxc7+ Kc8 32. Qxb6 R4f5 33. Rxa5 1-0

[Event "Krakow op-A 25th"]
[Site "Krakow"]
[Date "2014.12.27"]
[Round "1"]
[White "Skawinski, Arkadiusz"]
[Black "Stankiewicz, Pawel"]
[Result "1-0"]
[WhiteElo "2346"]
[BlackElo "2128"]
[PlyCount "71"]
[EventDate "2014.12.27"]
[EventType "swiss"]
[EventRounds "9"]
[EventCountry "POL"]
[SourceTitle "CBM 164 Extra"]
[Source "ChessBase"]
[SourceDate "2015.03.02"]
[SourceVersion "1"]
[SourceVersionDate "2015.03.02"]
[SourceQuality "1"]

1. e4 e6 2. d4 d5 3. e5 c5 4. c3 Nc6 5. Nf3 Qb6 6. a3 c4 7. Nbd2 Na5 8. Rb1 Bd7 9. Be2 Ne7 10. b3 cxb3 11. Nxb3 Ba4 12. Nxa5 Bxd1 13. Rxb6 axb6 14. Bb5+ Kd8 15. Nxb7+ Kc7 16. Kxd1 Kxb7 17. Ng5 Nc6 18. Nxf7 Rg8 19. a4 h6 20. Bf4 Be7 21. Bg3 Kc7 22. Kd2 Rgf8 23. Nd6 g5 24. f3 Na7 25. Bd3 Nc6 26. Ra1 h5 27. h3 Rg8 28. Ke3 g4 29. hxg4 hxg4 30. Nb5+ Kd7 31. f4 Na5 32. f5 exf5 33. Bxf5+ Kc6 34. Kd3 Nc4 35. Be6 Nb2+ 36. Kc2 1-0

[Event "Krakow op-B 24th"]
[Site "Krakow"]
[Date "2014.01.02"]
[Round "7"]
[White "Stankiewicz, Pawel"]
[Black "Lada, Ireneusz"]
[Result "0-1"]
[WhiteElo "2016"]
[BlackElo "1935"]
[PlyCount "84"]
[EventDate "2013.12.27"]
[EventType "swiss"]
[EventRounds "9"]
[EventCountry "POL"]
[SourceTitle "CBM 158 Extra"]
[Source "ChessBase"]
[SourceDate "2014.02.28"]
[SourceVersion "1"]
[SourceVersionDate "2014.02.28"]
[SourceQuality "1"]

1. e4 g6 2. d4 d6 3. Nc3 Bg7 4. Be3 a6 5. f3 b5 6. Qd2 Nd7 7. Nge2 Nb6 8. Ng3 h5 9. Bd3 Bb7 10. 0-0-0 b4 11. Nce2 h4 12. Nf1 a5 13. e5 e6 14. Bg5 Qxg5 15. Qxg5 Bh6 16. Qxh6 Nxh6 17. Ne3 h3 18. gxh3 Bxf3 19. Rhf1 Bxe2 20. Bxe2 dxe5 21. dxe5 Nf5 22. Nxf5 gxf5 23. Rf3 Ke7 24. c3 Rh4 25. Rd4 Rah8 26. Rxh4 Rxh4 27. Kd2 Nd7 28. Re3 f4 29. Re4 bxc3+ 30. bxc3 Rxh3 31. Rxf4 Nxe5 32. Rf2 f5 33. Bf1 Rf3 34. Rxf3 Nxf3+ 35. Ke3 Nxh2 36. Bd3 Ng4+ 37. Kd4 Kd6 38. Be2 Nf6 39. Kc4 c6 40. Bd3 f4 41. Bg6 e5 42. Kd3 Kc5 0-1

[Event "Rewal op-B 18th"]
[Site "Rewal"]
[Date "2013.08.29"]
[Round "9"]
[White "Stankiewicz, Pawel"]
[Black "Smieszek, Wojciech"]
[Result "1-0"]
[WhiteElo "2058"]
[BlackElo "1887"]
[PlyCount "120"]
[EventDate "2013.08.20"]
[EventType "swiss"]
[EventRounds "9"]
[EventCountry "POL"]
[SourceTitle "CBM 156 Extra"]
[Source "ChessBase"]
[SourceDate "2013.10.22"]
[SourceVersion "1"]
[SourceVersionDate "2013.10.22"]
[SourceQuality "1"]

1. d4 Nf6 2. Nf3 c5 3. e3 cxd4 4. exd4 g6 5. c3 Bg7 6. Bd3 0-0 7. 0-0 d6 8. Bg5 Nc6 9. Re1 Re8 10. Nbd2 h6 11. Bh4 g5 12. Bg3 Bg4 13. h4 Nh5 14. hxg5 hxg5 15. Qe2 Nxg3 16. fxg3 d5 17. Qf2 e6 18. Nf1 f5 19. N1h2 Bh5 20. Re2 g4 21. Ne1 Qg5 22. Bb5 Bg6 23. Nd3 Re7 24. Rae1 Bf7 25. Nf1 a6 26. Bxc6 bxc6 27. Nd2 Bf6 28. Nc5 Rae8 29. Nxa6 Qh6 30. Nc5 Bg5 31. Nd3 c5 32. Nf4 cxd4 33. cxd4 Bf6 34. Nd3 Kg7 35. Nb3 Rh8 36. Kf1 Rhe8 37. Nbc5 Qh1+ 38. Qg1 Qxg1+ 39. Kxg1 Bxd4+ 40. Kf1 Bxc5 41. Nxc5 e5 42. Rd2 d4 43. b4 Bc4+ 44. Kg1 Rd8 45. Rc1 Bf7 46. Rcd1 Rb8 47. Rb2 Ra7 48. a4 Be8 49. b5 Kf6 50. Rb4 Bf7 51. b6 Re7 52. Na6 Rbb7 53. Nc5 Rb8 54. a5 Bd5 55. a6 Rh7 56. b7 Rbh8 57. Kf2 Rh2 58. Rg1 e4 59. b8Q e3+ 60. Ke1 Rxb8 1-0

[Event "Olsztyn op U18 blitz"]
[Site "Olsztyn"]
[Date "2013.08.03"]
[Round "4"]
[White "Lewicki, Miroslaw"]
[Black "Stankiewicz, Pawel"]
[Result "1-0"]
[WhiteElo "2188"]
[BlackElo "2058"]
[PlyCount "116"]
[EventDate "2013.08.03"]
[EventType "swiss (blitz)"]
[EventRounds "22"]
[EventCountry "POL"]
[SourceTitle "CBM 155 Extra"]
[Source "ChessBase"]
[SourceDate "2013.08.26"]
[SourceVersion "1"]
[SourceVersionDate "2013.08.26"]
[SourceQuality "1"]

1. e4 e6 2. c4 c5 3. Nc3 Nc6 4. Nf3 Nd4 5. d3 d6 6. Be3 Nxf3+ 7. Qxf3 g6 8. d4 Bg7 9. dxc5 Qa5 10. Bd2 Qxc5 11. Bd3 Ne7 12. 0-0 Bd7 13. Rab1 a5 14. b3 Qc7 15. Rbc1 Qc5 16. Qe2 Nc6 17. Be3 Nd4 18. Qd2 Qb4 19. Bb1 Nc6 20. Nb5 Qxd2 21. Bxd2 Ke7 22. Be3 Ne5 23. Rfd1 Bxb5 24. cxb5 Rac8 25. Bb6 a4 26. bxa4 Nc4 27. Bd4 Bxd4 28. Rxd4 Nb6 29. Rcd1 Rhd8 30. g3 Rc4 31. Rxc4 Nxc4 32. Rc1 d5 33. exd5 exd5 34. Bd3 Nb2 35. Bc2 Rc8 36. Re1+ Kd6 37. Bb3 Nd3 38. Rd1 Rc3 39. a5 Kc5 40. a6 bxa6 41. bxa6 Kb6 42. Bxd5 Kxa6 43. Bxf7 Ka5 44. Bg8 h6 45. Bh7 Nb4 46. Bxg6 Nxa2 47. h4 Kb4 48. Be4 Kc5 49. Rd5+ Kc4 50. Rd6 h5 51. Bg6 Kc5 52. Rf6 Nb4 53. Bxh5 Nd5 54. Rf5 Kd4 55. Bf7 Ne7 56. Rf4+ Ke5 57. h5 Nf5 58. Bg6 Nxg3 1-0